[Event "Mechanics' Neil Falconer TNM; 30/90, SD"]
[Site "San Francisco"]
[Date "2013.08.20"]
[Round "3.27"]
[White "Poling, Scott"]
[Black "Hack, Richard"]
[Result "0-1"]
[WhiteElo "1751"]
[BlackElo "1567"]
[PlyCount "120"]
[EventDate "2013.??.??"]

1. e4 e5 2. Nf3 Nc6 3. d4 exd4 4. Bc4 Bc5 5. c3 d3 6. O-O d6 7. b4 Bb6 8. Qxd3
Nge7 9. a4 a6 10. Bg5 h6 11. Bh4 O-O 12. Nbd2 Qe8 13. Bb3 Ng6 14. Bg3 Be6 15.
Rfe1 Bxb3 16. Nxb3 Rd8 17. Qd5 Nge5 18. Nbd4 Nxd4 19. Nxd4 c6 20. Qb3 Bc7 21.
f4 Ng6 22. Nf5 Qe6 23. Qc2 Ne7 24. Bh4 f6 25. Nxe7+ Qxe7 26. c4 g5 27. Bg3 Rfe8
28. e5 dxe5 29. fxe5 Bxe5 30. Qg6+ Qg7 31. Qxg7+ Kxg7 32. Bxe5 Rxe5 33. Rad1
Rxe1+ 34. Rxe1 Kf7 35. b5 Rd4 36. Rc1 f5 37. Kf2 Rd2+ 38. Kf3 Ra2 39. bxc6 bxc6
40. Rb1 Rxa4 41. Rb6 Rxc4 42. Rxa6 Ke6 43. Ra7 Rc3+ 44. Kf2 h5 45. Rh7 h4 46.
Rh5 Kf6 47. g3 hxg3+ 48. hxg3 f4 49. gxf4 gxf4 50. Ra5 c5 51. Ra8 Ke5 52. Re8+
Kd4 53. Rd8+ Kc4 54. Rf8 f3 55. Rb8 Kd4 56. Rd8+ Kc4 57. Rb8 Rd3 58. Rb7 Kc3
59. Rc7 c4 60. Ra7 Kb2 0-1

[Event "Mechanics' Neil Falconer TNM; 30/90, SD"]
[Site "San Francisco"]
[Date "2013.09.24"]
[Round "8.16"]
[White "Poling, Scott"]
[Black "Hakobyan, Sos"]
[Result "0-1"]
[WhiteElo "1751"]
[BlackElo "1844"]
[Annotator "Donaldson"]
[PlyCount "56"]
[EventDate "2013.??.??"]

1. e4 e6 2. d4 d5 3. Nc3 Nf6 4. e5 Nfd7 5. f4 c5 6. Nf3 Nc6 7. g3 a6 8. Ne2 Be7
9. Bh3 b5 10. O-O cxd4 11. Nexd4 Nxd4 12. Nxd4 Qb6 13. Be3 O-O 14. Qe2 Qc7 15.
Rad1 Nc5 16. f5 exf5 17. Nxf5 Bxf5 18. Bxf5 Qxe5 19. Qf3 Rad8 20. Bd4 Qd6 21.
Qg4 Qh6 22. Qf3 Ne6 23. Be3 Bg5 24. Bf2 d4 25. Qb7 Rd6 26. Bxe6 fxe6 27. Rxd4
$4 (27. Bxd4 $11) 27... Rxd4 28. Bxd4 Be3+ 0-1

[Event "Mechanics' Winter TNM; 30/90, SD/30"]
[Site "San Francisco"]
[Date "2013.02.19"]
[Round "7.12"]
[White "Poling, Scott"]
[Black "Jones, James"]
[Result "0-1"]
[WhiteElo "1748"]
[BlackElo "2007"]
[PlyCount "62"]
[EventDate "2013.??.??"]

1. e4 e5 2. Nf3 Nc6 3. d4 exd4 4. Bc4 Bb4+ 5. c3 dxc3 6. bxc3 Qf6 7. Qb3 Bc5 8.
Bg5 Qg6 9. O-O Be7 10. Bf4 d6 11. e5 Qf5 12. exd6 Qxf4 13. dxe7 Ngxe7 14. Re1
O-O 15. Bd3 Rd8 16. Qc2 Bf5 17. Bxf5 Qxf5 18. Qb3 Na5 19. Qa3 Ng6 20. Nbd2 Rd3
21. Nd4 Qd5 22. N2f3 Nc4 23. Qb3 a6 24. a4 c5 25. Nf5 Rd8 26. Rab1 Qxf5 27.
Qxc4 Nf4 28. Rxb7 Rxf3 29. Qb3 Rxf2 30. Re5 Nh3+ 31. gxh3 Rf1+ 0-1

[Event "Mechanics' Neil Falconer TNM; 30/90, SD"]
[Site "San Francisco"]
[Date "2013.09.03"]
[Round "5.24"]
[White "Poling, Scott"]
[Black "Louie, Henry"]
[Result "1-0"]
[WhiteElo "1751"]
[BlackElo "1496"]
[PlyCount "63"]
[EventDate "2013.??.??"]

1. e4 c5 2. d4 cxd4 3. c3 d6 4. cxd4 Nf6 5. Nc3 e6 6. Nf3 a6 7. h3 Be7 8. Be2
Qc7 9. Bf4 O-O 10. Rc1 Qa5 11. O-O b5 12. Bd2 Qb6 13. e5 dxe5 14. dxe5 Ne8 15.
Ne4 Bb7 16. Be3 Qa5 17. Nc5 Bd5 18. a3 f6 19. Bd2 Qd8 20. Bb4 Rf7 21. Qc2 f5
22. Rfd1 Ra7 23. Nxe6 Qd7 24. Nf4 Nc7 25. e6 Nxe6 26. Nxd5 Qe8 27. Nxe7+ Kh8
28. Nd5 a5 29. Qc8 Nd8 30. Bc5 Rab7 31. Nf6 Rfe7 32. Qxd8 1-0

[Event "Mechanics' Spring TNM; 30/90, SD/30"]
[Site "San Francisco"]
[Date "2013.04.23"]
[Round "6.21"]
[White "Poling, Scott"]
[Black "Morgan, Jerry"]
[Result "1-0"]
[WhiteElo "1734"]
[BlackElo "1464"]
[PlyCount "89"]
[EventDate "2013.??.??"]

1. e4 c6 2. d4 d5 3. exd5 cxd5 4. Bd3 Qc7 5. Ne2 Nc6 6. c3 Bg4 7. f3 Bd7 8. O-O
Nf6 9. Bf4 Qb6 10. Qb3 Qxb3 11. axb3 Nh5 12. Bd2 e5 13. Re1 Bd6 14. dxe5 Nxe5
15. Nd4 O-O 16. Bf1 a6 17. Na3 Rfe8 18. Nac2 Bc5 19. Ra5 b5 20. Rea1 Bf5 21.
Kh1 Bxc2 22. Nxc2 Ra7 23. Rxa6 Rxa6 24. Rxa6 Rb8 25. Ra5 Nf6 26. Rxb5 Rxb5 27.
Bxb5 Kf8 28. Bf4 Ned7 29. b4 Bb6 30. Bd6+ Ke8 31. g4 Kd8 32. Kg2 Ne8 33. Bg3 g5
34. h4 h6 35. hxg5 hxg5 36. f4 f6 37. fxg5 fxg5 38. Nd4 Bxd4 39. cxd4 Nc7 40.
Bc6 Nf6 41. Kf3 Na6 42. Be5 Ke7 43. Bxf6+ Kxf6 44. Bxd5 Nxb4 45. Ke4 1-0

[Event "Mechanics' Spring TNM; 30/90, SD/30"]
[Site "San Francisco"]
[Date "2013.05.07"]
[Round "8.14"]
[White "Poling, Scott"]
[Black "Ochoa, Jason"]
[Result "0-1"]
[WhiteElo "1734"]
[BlackElo "1913"]
[PlyCount "62"]
[EventDate "2013.??.??"]

1. e4 Nc6 2. d4 e5 3. Nf3 exd4 4. Bc4 Bb4+ 5. c3 Be7 $2 6. O-O (6. cxd4 $16)
6... Na5 $2 7. Qxd4 $6 (7. Bd3) 7... Nxc4 8. Qxc4 d6 9. Rd1 c6 (9... Nf6 10. e5
Be6) 10. e5 $1 d5 11. Qe2 Bg4 12. h3 Bh5 13. Na3 (13. c4 $1) 13... Nh6 14. Bxh6
gxh6 15. g4 Rg8 16. Nc4 $2 (16. Kh2 $16) 16... Bxg4 17. Kh2 Bxf3 18. Qxf3 Qc7
19. Nd6+ Bxd6 20. exd6 Qxd6+ 21. Kh1 O-O-O 22. c4 d4 23. b4 Rg6 24. b5 c5 25.
a4 Rdg8 26. a5 Rf6 27. Qe2 Qf4 28. a6 b6 29. Re1 Qf3+ 30. Qxf3 Rxf3 31. Kh2
Rxf2+ 0-1

[Event "Mechanics' Spring TNM; 30/90, SD/30"]
[Site "San Francisco"]
[Date "2013.04.16"]
[Round "5.14"]
[White "Poling, Scott"]
[Black "Rudyak, Felix"]
[Result "0-1"]
[WhiteElo "1734"]
[BlackElo "1968"]
[PlyCount "82"]
[EventDate "2013.??.??"]

1. e4 c5 2. d4 cxd4 3. c3 d5 4. exd5 Qxd5 5. Qxd4 Qxd4 6. cxd4 Nc6 7. Bb5 Bd7
8. Nf3 O-O-O 9. Bf4 e6 10. O-O Nge7 11. Nc3 h6 12. Rac1 Be8 13. Rfd1 Ng6 14.
Bg3 Bd6 15. d5 exd5 16. Nxd5 Bxg3 17. hxg3 Kb8 18. Nh4 Nge5 19. Nf5 g6 20. Nfe3
Bd7 21. Nf6 Be6 22. Ned5 a6 23. Be2 Nd7 24. a3 Nxf6 25. Nxf6 Kc7 26. b4 Rxd1+
27. Rxd1 Rd8 28. Rc1 Kb6 29. Rc5 Rd2 30. Bf3 Rd3 31. Bxc6 bxc6 32. a4 Rd4 33.
a5+ Kb7 34. Ng8 Rxb4 35. Ne7 Bd7 36. Rc3 Rb5 37. Ra3 c5 38. Nd5 Be6 39. Nf4
Rb1+ 40. Kh2 Bb3 41. Ne2 c4 0-1

[Event "Mechanics' Summer TNM; 30/90, SD/30"]
[Site "San Francisco"]
[Date "2013.06.18"]
[Round "4.31"]
[White "Poling, Scott"]
[Black "Schlosberg, Max"]
[Result "1-0"]
[WhiteElo "1734"]
[BlackElo "1199"]
[PlyCount "37"]
[EventDate "2013.??.??"]

1. e4 e5 2. Nf3 Nc6 3. d4 exd4 4. Bc4 Bc5 5. c3 d3 6. Qxd3 Nge7 7. Bxf7+ Kxf7
8. Qc4+ d5 9. Qxc5 dxe4 10. Ng5+ Ke8 11. Nxe4 Qd3 12. Qe3 Qb5 13. Na3 Qa6 14.
Qg3 Ng6 15. Qxc7 Bd7 16. Nc5 Qb6 17. Qxd7+ Kf8 18. Ne6+ Kg8 19. Qxg7# 1-0

[Event "Mechanics' Summer TNM; 30/90, SD/30"]
[Site "San Francisco"]
[Date "2013.06.25"]
[Round "5.17"]
[White "Poling, Scott"]
[Black "Uzzaman, Ashik"]
[Result "0-1"]
[WhiteElo "1734"]
[BlackElo "1926"]
[PlyCount "52"]
[EventDate "2013.??.??"]

1. e4 c5 2. d4 cxd4 3. c3 dxc3 4. Nxc3 Nc6 5. Nf3 d6 6. Bc4 a6 7. O-O e6 8. Qe2
Be7 9. Rd1 Qc7 10. Bf4 Nf6 11. e5 dxe5 12. Nxe5 Nxe5 13. Bxe5 Qa5 14. a3 O-O
15. b4 Qb6 16. Bd4 Qc6 17. b5 axb5 18. Bxb5 Qc7 19. Rac1 Qf4 20. Be5 Qg4 21. f3
Qh5 22. a4 Rd8 23. Rxd8+ Bxd8 24. Rd1 Be7 25. Bd6 Bxd6 26. Rxd6 Qc5+ 0-1

[Event "Mechanics' Neil Falconer TNM; 30/90, SD"]
[Site "San Francisco"]
[Date "2013.08.06"]
[Round "1.4"]
[White "Poling, Scott"]
[Black "Winslow, Elliott"]
[Result "0-1"]
[WhiteElo "1751"]
[BlackElo "2298"]
[PlyCount "104"]
[EventDate "2013.??.??"]

1. e4 c5 2. d4 cxd4 3. c3 Nf6 4. e5 Nd5 5. cxd4 d6 6. exd6 e6 7. Nc3 Nxc3 8.
bxc3 Bxd6 9. Nf3 Nc6 10. Bd3 Qc7 11. O-O h6 12. d5 exd5 13. Re1+ Ne7 14. Bb5+
Bd7 15. Qxd5 Bxb5 16. Qxb5+ Qd7 17. Qxd7+ Kxd7 18. Ne5+ Bxe5 19. Rxe5 Rae8 20.
Ba3 Nc6 21. Rd1+ Kc7 22. Bd6+ Kc8 23. Red5 Re2 24. R5d2 Rxd2 25. Rxd2 Rd8 26.
Bf4 Rxd2 27. Bxd2 Kd7 28. Kf1 Kd6 29. Ke2 Kd5 30. Bf4 Kc4 31. Kd2 h5 32. f3 Ne7
33. Be3 a6 34. g4 g6 35. Bd4 Nd5 36. Kc2 b5 37. gxh5 gxh5 38. Bg7 a5 39. Kd2 f6
40. Kc2 Nxc3 41. Bxf6 Nxa2 42. f4 Nb4+ 43. Kd2 Nd5 44. Be5 Ne7 45. Bc7 a4 46.
Kc2 b4 47. Kb2 a3+ 48. Ka2 Nd5 49. Be5 Nc3+ 50. Bxc3 Kxc3 51. f5 b3+ 52. Kxa3
b2 0-1

[Event "Mechanics' Winter TNM; 30/90, SD/30"]
[Site "San Francisco"]
[Date "2013.01.08"]
[Round "1.4"]
[White "Poling, Scott"]
[Black "Wong, Russell"]
[Result "0-1"]
[WhiteElo "1748"]
[BlackElo "2200"]
[PlyCount "56"]
[EventDate "2013.??.??"]

1. e4 Nf6 2. e5 Nd5 3. d4 d6 4. c4 Nb6 5. exd6 exd6 6. Bd3 Nc6 7. Ne2 Bg4 8. f3
Bh5 9. O-O Be7 10. Nbc3 Bg6 11. b3 O-O 12. Bb2 Bf6 13. Ne4 d5 14. Nxf6+ Qxf6
15. c5 Nd7 16. Qd2 Bxd3 17. Qxd3 Nxc5 18. Qb5 Rfe8 19. Rae1 Ne6 20. Rd1 Ne7 21.
Qxb7 Nf5 22. Rd2 Ne3 23. Rf2 Qg6 24. Qc6 Rad8 25. Nc3 f6 26. Nd1 Nf4 27. Nxe3
Rxe3 28. Qxc7 Re1+ 0-1

[Event "Mechanics' Fall TNM; 30/90, SD/30"]
[Site "San Francisco"]
[Date "2013.11.05"]
[Round "3.24"]
[White "Potharam, Eitetsu"]
[Black "Allen, Tom"]
[Result "1-0"]
[WhiteElo "1725"]
[BlackElo "1580"]
[PlyCount "49"]
[EventDate "2013.??.??"]

1. e4 e5 2. Nf3 Nc6 3. Bc4 Nf6 4. d3 Be7 5. O-O Na5 6. Nxe5 Nxc4 7. Nxc4 b5 8.
Ne3 d6 9. Nc3 c6 10. f4 Qb6 11. Kh1 Qc7 12. Ne2 Bb7 13. Ng3 g6 14. b3 O-O-O 15.
Bb2 Rhe8 16. Ng4 Nxg4 17. Qxg4+ Kb8 18. Rac1 Bc8 19. Qf3 Bh4 20. e5 Be7 21.
exd6 Bxd6 22. Ne4 h5 23. Nxd6 Bg4 24. Nxe8 Rxe8 25. Qg3 1-0

[Event "Mechanics' Fall TNM; 30/90, SD/30"]
[Site "San Francisco"]
[Date "2013.11.26"]
[Round "6.25"]
[White "Potharam, Eitetsu"]
[Black "Yamamoto, Craig"]
[Result "1-0"]
[WhiteElo "1725"]
[BlackElo "1509"]
[PlyCount "79"]
[EventDate "2013.??.??"]

1. e4 Nf6 2. e5 Nd5 3. d4 d6 4. c4 Nb6 5. f4 dxe5 6. fxe5 Nc6 7. Be3 Bf5 8. a3
a5 9. b3 e6 10. Nf3 Be7 11. Be2 O-O 12. O-O f6 13. Nc3 fxe5 14. Nxe5 Nxe5 15.
dxe5 Nd7 16. Nb5 b6 17. Bf3 Rb8 18. Bd4 c5 19. Bb2 Qc8 20. Na7 Qc7 21. Nc6 Rbe8
22. Nxe7+ Rxe7 23. Qd6 Nb8 24. Qxc7 Rxc7 25. Rac1 Rd7 26. Rfd1 Rxd1+ 27. Bxd1
Nc6 28. Bf3 Nd4 29. Bxd4 cxd4 30. Rd1 d3 31. Kf2 Rd8 32. Ke3 Rc8 33. Be4 a4 34.
Bxf5 exf5 35. Rxd3 axb3 36. Rxb3 Rxc4 37. Rxb6 Ra4 38. e6 Rxa3+ 39. Kf4 Ra2 40.
Rb8# 1-0

[Event "Mechanics' Spring TNM; 30/90, SD/30"]
[Site "San Francisco"]
[Date "2013.04.02"]
[Round "3.10"]
[White "Pryor, Jamieson"]
[Black "Chernobilskiy, Mikhail"]
[Result "1-0"]
[WhiteElo "2112"]
[BlackElo "1864"]
[PlyCount "67"]
[EventDate "2013.??.??"]

1. d4 Nf6 2. c4 e6 3. Nc3 Bb4 4. Qc2 O-O 5. a3 Bxc3+ 6. Qxc3 b6 7. Bg5 Bb7 8.
f3 Na6 9. e4 Nxe4 10. Bxd8 Nxc3 11. Bh4 Na4 12. b3 Nb2 13. Ra2 Nxc4 14. Bxc4 d5
15. Bd3 c5 16. Ne2 Rac8 17. Kd2 f6 18. Rc1 Kf7 19. Rac2 cxd4 20. Bxa6 Bxa6 21.
Rc7+ Kg6 22. Nxd4 e5 23. Rxc8 Bxc8 24. Nc6 Be6 25. Nxa7 Kh5 26. Be1 d4 27. b4
Bd5 28. Rc7 e4 29. fxe4 Bxe4 30. Rxg7 Re8 31. Nb5 Rd8 32. Bf2 d3 33. Nc3 Bg6
34. Bxb6 1-0

[Event "Mechanics' Spring TNM; 30/90, SD/30"]
[Site "San Francisco"]
[Date "2013.04.23"]
[Round "6.11"]
[White "Pryor, Jamieson"]
[Black "Persidsky, Andre"]
[Result "1-0"]
[WhiteElo "2112"]
[BlackElo "1826"]
[PlyCount "73"]
[EventDate "2013.??.??"]

1. d4 d5 2. c4 e6 3. Nc3 Nf6 4. Bf4 Bd6 5. Bg5 c6 6. e3 Nbd7 7. Nf3 O-O 8. Rc1
b6 9. cxd5 cxd5 10. Be2 Bb7 11. O-O Rc8 12. Qb3 Qe7 13. a4 h6 14. Bh4 a6 15.
Rfd1 Rc7 16. Ne5 Nxe5 17. dxe5 Bxe5 18. Qxb6 Rc6 19. Qb3 Rfc8 20. Na2 g5 21.
Bg3 Bxg3 22. hxg3 Ne4 23. Rxc6 Rxc6 24. a5 Qc7 25. Qa3 Rc2 26. Re1 Nxg3 $1 27.
Bd1 (27. fxg3 Qxg3 28. Kf1 d4 $19) 27... Rd2 28. Qb4 Ne4 29. Bf3 Rc2 30. Bxe4
dxe4 31. Nc3 Bd5 32. Rd1 Qe5 33. g3 h5 (33... Qf5 34. Rf1 h5 {is more exact.})
34. Qa4 Qf5 $4 ({Black spoils all his brilliant play the past eight moves with
this blunder. Instead} 34... Rxb2 {
leads to a favorable rook ending after an interesting sequence of moves.} 35.
Qe8+ Kg7 36. Nxd5 {This appears to seemingly win a piece because of the pin.}
Qf5 {And this appears to force checkmate, but...} 37. Qg8+ $1 Kxg8 38. Ne7+ Kg7
39. Nxf5+ exf5 40. Rd6 h4 41. gxh4 gxh4 42. Rxa6 Ra2 43. Ra8 (43. Kg2 f4 $1)
43... Kf6 44. a6 f4 $1 {
and Black has excellent practical chances to win the ending.}) 35. Qxc2 h4 36.
Ne2 h3 37. Nd4 1-0

[Event "Mechanics' Summer TNM; 30/90, SD/30"]
[Site "San Francisco"]
[Date "2013.07.09"]
[Round "7.24"]
[White "Purland, Matthew"]
[Black "Hakobyan, Sos"]
[Result "0-1"]
[WhiteElo "1506"]
[BlackElo "1765"]
[PlyCount "66"]
[EventDate "2013.??.??"]

1. e4 e6 2. d4 d5 3. e5 c5 4. c3 Nc6 5. Be3 Qb6 6. b3 Bd7 7. Nf3 Nh6 8. Bxh6
gxh6 9. Qd3 cxd4 10. cxd4 Bg7 11. Nc3 Rc8 12. Be2 O-O 13. O-O f6 14. Na4 Qa5
15. Nc5 fxe5 16. Nxd7 e4 17. Qe3 Rxf3 18. gxf3 Nxd4 19. Rad1 Rc3 20. Qd2 exf3
21. Bd3 Qd8 22. Kh1 Rc7 23. Ne5 Bxe5 24. Qxh6 Qf6 25. Rg1+ Kh8 26. Qh5 Bd6 27.
Rg4 Ne2 28. Bxe2 fxe2 29. Rdg1 Rc8 30. Rh4 Rc7 31. Qe8+ Qf8 32. Qxe6 Qf3+ 33.
Rg2 Rc1# 0-1

[Event "Mechanics' Summer TNM; 30/90, SD/30"]
[Site "San Francisco"]
[Date "2013.06.18"]
[Round "4.35"]
[White "Purland, Matthew"]
[Black "MacIntyre, Brendan"]
[Result "0-1"]
[WhiteElo "1506"]
[BlackElo "1655"]
[PlyCount "52"]
[EventDate "2013.??.??"]

1. e4 c5 2. c3 d5 3. e5 Nc6 4. d4 cxd4 5. cxd4 Qb6 6. Qa4 Qxd4 7. Qxd4 Nxd4 8.
Bd3 e6 9. f4 Ne7 10. Nc3 a6 11. Nge2 Nxe2 12. Bxe2 Nc6 13. Be3 d4 14. Nb5 axb5
15. Bd2 b4 16. O-O Bc5 17. Kh1 O-O 18. Rac1 Be7 19. Ra1 Bd7 20. Bf3 Rac8 21. a3
bxa3 22. bxa3 b5 23. Rfb1 Na7 24. a4 Rc4 25. Be2 Rc2 26. Rd1 b4 0-1

[Event "Mechanics' Summer TNM; 30/90, SD/30"]
[Site "San Francisco"]
[Date "2013.05.28"]
[Round "1.23"]
[White "Purland, Matthew"]
[Black "Todortsev, Victor"]
[Result "1/2-1/2"]
[WhiteElo "1506"]
[BlackElo "1916"]
[PlyCount "85"]
[EventDate "2013.??.??"]

1. e4 e5 2. Nf3 Nc6 3. Bb5 Bc5 4. O-O d6 5. c3 Bg4 6. d3 Qf6 7. Bg5 Qg6 8. Nbd2
f6 9. Bxc6+ bxc6 10. Bh4 Ne7 11. b4 Bb6 12. a4 a5 13. bxa5 Bxa5 14. Qb3 Kd7 15.
Rfb1 Rhb8 16. Qc2 Qf7 17. Ne1 g5 18. Bg3 h5 19. f3 Bb6+ 20. Bf2 Bxf2+ 21. Kxf2
Be6 22. Rxb8 Rxb8 23. a5 Nc8 24. Rb1 Ra8 25. Ra1 Na7 26. c4 g4 27. Qb2 Qf8 28.
Rb1 f5 29. exf5 Bxf5 30. Ne4 d5 31. cxd5 cxd5 32. Qxe5 dxe4 33. dxe4 Bxe4 34.
Rd1+ Kc8 35. a6 Bc6 36. Qe6+ Kb8 37. Rb1+ Bb5 38. Nd3 Qd8 39. Qe4 c6 40. Ne5
Qc7 41. Qf5 Nc8 42. Nxc6+ Qxc6 43. Rxb5+ {
Both players stopped recording at this point.} 1/2-1/2

[Event "Mechanics' Summer TNM; 30/90, SD/30"]
[Site "San Francisco"]
[Date "2013.06.11"]
[Round "3.27"]
[White "Purland, Matthew"]
[Black "Zhao, Audrey"]
[Result "0-1"]
[WhiteElo "1506"]
[BlackElo "1801"]
[PlyCount "84"]
[EventDate "2013.??.??"]

1. e4 c5 2. f4 d6 3. Nf3 Nc6 4. Nc3 Nf6 5. d4 cxd4 6. Nxd4 Qb6 7. Bb5 e5 8.
fxe5 dxe5 9. Nxc6 bxc6 10. Bc4 Be7 11. Qd3 O-O 12. b3 Rd8 13. Na4 Bb4+ 14. Bd2
Bxd2+ 15. Qxd2 Qd4 16. Qxd4 Rxd4 17. O-O Bg4 18. h3 Bh5 19. g4 Bg6 20. Nc5 Nxe4
21. Nxe4 Rxe4 22. Rad1 Rd4 23. Rxd4 exd4 24. Rd1 c5 25. b4 cxb4 26. Rxd4 Bxc2
27. Rd7 Bg6 28. Bd5 Rc8 29. Rxa7 Kf8 30. h4 Rd8 31. Bb3 Rd4 32. Ra8+ Ke7 33.
Ra7+ Kf6 34. g5+ Kf5 35. Bc2+ Ke6 36. Bb3+ Ke5 37. Bxf7 Rxh4 38. Ra5+ Ke4 39.
Bd5+ Kf4 40. Be6 Rh5 41. Ra4 Rxg5+ 42. Kf2 Rb5 0-1

[Event "Mechanics' Fall TNM; 30/90, SD/30"]
[Site "San Francisco"]
[Date "2013.10.22"]
[Round "1.11"]
[White "Rakonitz, David"]
[Black "Andries, Craig"]
[Result "0-1"]
[WhiteElo "1521"]
[BlackElo "1956"]
[PlyCount "70"]
[EventDate "2013.??.??"]

1. d4 Nf6 2. Nf3 g6 3. c4 Bg7 4. Nc3 d6 5. e4 O-O 6. Bg5 h6 7. Bc1 c6 8. Be2
Nbd7 9. O-O e5 10. d5 c5 11. Rb1 a6 12. b4 cxb4 13. Rxb4 Nc5 14. Nd2 Qa5 15.
Rb1 $4 Qxc3 16. Bb2 Qa5 17. Qc2 Qd8 18. f3 Ne8 19. Nb3 b6 20. Nxc5 bxc5 21. Bc3
f5 22. Bd2 Ra7 23. Rb2 Raf7 24. Be3 fxe4 25. fxe4 Rxf1+ 26. Bxf1 Nf6 27. Be2
Ng4 28. Bxg4 Bxg4 29. Qd2 Qf6 30. Rb1 g5 31. Qc2 Bh5 32. Re1 Bg6 33. Bc1 h5 34.
Qe2 Bxe4 35. Qxe4 Qf2+ 0-1

[Event "Mechanics' Winter TNM; 30/90, SD/30"]
[Site "San Francisco"]
[Date "2013.02.26"]
[Round "8.27"]
[White "Rakonitz, David"]
[Black "Donnelly, Patrick"]
[Result "1-0"]
[WhiteElo "1490"]
[BlackElo "1643"]
[Annotator "Donaldson"]
[PlyCount "65"]
[EventDate "2013.??.??"]

1. d4 Nf6 2. Nf3 e6 3. c4 b6 4. a3 Bb7 5. Nc3 Be7 (5... d5 6. cxd5 Nxd5 (6...
exd5)) 6. d5 $1 O-O 7. e4 d6 8. Be2 Nbd7 9. O-O Nc5 10. Qc2 c6 11. b4 Ncd7 12.
Rd1 cxd5 13. exd5 Rc8 14. dxe6 fxe6 15. Nd4 Kf7 16. Bb2 Ne5 17. Qb3 Qd7 18.
Rac1 Ke8 19. h3 (19. c5 $3 d5 20. Bb5 Nc6 21. Re1) 19... d5 $1 20. cxd5 exd5
21. Bb5 Nc6 22. Nxc6 Bxc6 23. Bxc6 Rxc6 24. Nxd5 Nxd5 25. Rxc6 Qxc6 26. Qxd5
Qc2 27. Qd7+ Kf7 28. Qd2 (28. Re1 $1 Re8 29. Re3) 28... Qa4 29. Qd5+ Kg6 30.
Qe6+ Bf6 31. Qg4+ Kf7 32. Rd7+ Kg8 33. Bxf6 1-0

[Event "Mechanics' Winter TNM; 30/90, SD/30"]
[Site "San Francisco"]
[Date "2013.02.05"]
[Round "5.28"]
[White "Rakonitz, David"]
[Black "Filho, Murilo"]
[Result "1-0"]
[WhiteElo "1490"]
[BlackElo "1745"]
[PlyCount "129"]
[EventDate "2013.??.??"]

1. d4 g6 2. Nf3 Bg7 3. c4 d6 4. Nc3 Nf6 5. e4 O-O 6. Bg5 c5 7. d5 Bg4 8. Be2
Nbd7 9. O-O Qb6 10. Rb1 a6 11. Be3 Rfb8 12. b4 Qc7 13. bxc5 (13. a3 cxb4 14.
axb4 b5 15. Nd2) 13... Nxc5 14. Nd2 Bxe2 15. Qxe2 Nfd7 16. Rfc1 Qa5 17. Nb3
Nxb3 18. Rxb3 Nc5 19. Bxc5 Qxc5 20. Na4 Qc7 21. Nb6 Ra7 22. Qe3 a5 23. Nd7 Rba8
24. Nb6 Rd8 25. c5 Ra6 26. c6 h5 27. cxb7 (27. Na8 $1 Rdxa8 (27... Raxa8 28.
cxb7) (27... Qb8 28. c7) (27... Qc8 28. cxb7) 28. cxb7) 27... Qxb7 28. Rcb1 Qa7
29. Rb5 Kh7 30. a4 Rb8 31. Nc4 Qxe3 32. Nxe3 Rc8 33. Rb7 Bf8 34. g3 Raa8 35.
Kf1 Kg7 36. Ke2 Kf6 37. Kd3 Bh6 38. Nc4 Rc5 39. Nb6 Rd8 40. Nd7+ Kg5 41. Nxc5
dxc5 42. h4+ Kg4 43. Rxe7 f5 44. Ke2 fxe4 45. Rxe4+ Kh3 46. Rd1 Rb8 47. Kf1 Bg7
48. d6 Bd4 49. Rexd4 cxd4 50. Rxd4 Rd8 51. d7 Kh2 52. Ke2 Kg2 53. Ke3 Kh2 54.
Kd3 Kg2 55. Ke3 Kh3 56. Rd2 Kg4 57. Rd6 Kh3 58. Kd4 Kg2 59. Kc5 Kxf2 60. Kc6
Kxg3 61. Rxg6+ Kxh4 62. Kc7 Ra8 63. Rb6 Rg8 64. d8=Q+ Rxd8 65. Kxd8 1-0

[Event "Mechanics' Neil Falconer TNM; 30/90, SD"]
[Site "San Francisco"]
[Date "2013.08.20"]
[Round "3.31"]
[White "Rakonitz, David"]
[Black "Gomboluudev, Enkhjin"]
[Result "1-0"]
[WhiteElo "1527"]
[BlackElo "1125"]
[Annotator "Donaldson"]
[PlyCount "121"]
[EventDate "2013.??.??"]

1. d4 d5 2. Nf3 Nc6 3. c4 e6 (3... Bg4) 4. Nc3 Nf6 5. Bg5 h6 6. Bh4 (6. Bxf6
Qxf6 (6... gxf6 7. cxd5 exd5) 7. cxd5 exd5 8. Nxd5) 6... Be7 7. e3 Bd7 8. a3 (
8. Rc1) 8... Na5 9. cxd5 exd5 10. Qc2 c5 11. Bxf6 gxf6 12. Nxd5 Be6 13. Nxe7
Qxe7 14. Qa4+ Nc6 15. Bc4 (15. Bb5 Bd5) 15... cxd4 16. Nxd4 Bd7 17. Qd1 Qe4 18.
Qf3 Qxf3 19. Nxf3 Rg8 20. g3 Bh3 21. Rg1 Be6 22. Rc1 Rc8 23. Bxe6 fxe6 24. Nd4
Kd7 25. Nxc6 Rxc6 26. Rxc6 Kxc6 27. Ke2 Kb5 28. Rc1 b6 29. Rc7 a5 30. b3 Re8
31. e4 Ka6 32. a4 Rd8 33. Re7 Rd6 34. h4 Rc6 35. Rd7 Rc3 36. Rd3 Rc2+ 37. Ke3
b5 38. Rd6+ Kb7 39. axb5 Rb2 40. Rd3 Kb6 41. f4 Kxb5 42. Kd4 Kb4 43. Rc3 Rxb3
44. Rc4+ Ka3 45. g4 Rb4 46. Kd3 Rb3+ 47. Rc3 a4 48. g5 Kb4 49. Rxb3+ Kxb3 50.
gxh6 a3 51. h7 a2 52. h8=Q a1=Q 53. Qb8+ Ka3 54. Qa8+ Kb2 55. Qxa1+ Kxa1 56.
Kd4 Kb2 57. Kc5 Kc3 58. Kd6 Kd4 59. e5 fxe5 60. fxe5 Ke4 61. Kxe6 1-0

[Event "Mechanics' Neil Falconer TNM; 30/90, SD"]
[Site "San Francisco"]
[Date "2013.09.03"]
[Round "5.20"]
[White "Rakonitz, David"]
[Black "Kottcamp, Jeff"]
[Result "1-0"]
[WhiteElo "1527"]
[BlackElo "1788"]
[PlyCount "123"]
[EventDate "2013.??.??"]

1. d4 f5 2. Bg5 h6 3. Bh4 g5 4. e3 (4. Bg3 f4 5. e3 h5 6. Be2 $1) 4... Nf6 5.
Bg3 d5 6. Nd2 (6. c4 c6 7. Nc3 $18) 6... e6 7. Ngf3 Bd6 8. c4 Bxg3 9. hxg3 c6
$2 (9... Kf7) 10. Nxg5 Ke7 11. Ngf3 Nbd7 12. Qb3 Rb8 13. Qb4+ Kf7 14. Bd3 a5
15. Qd6 b5 16. c5 Bb7 17. Ne5+ Nxe5 18. Qxe5 Nd7 19. Qf4 Qg5 20. Qh4 Rbd8 21.
Nf3 Qg7 22. Qh5+ Ke7 23. Qh4+ Kf7 24. Qf4 Rc8 25. Kd2 Ba8 26. Rh4 Nxc5 $2 27.
Rah1 (27. Ne5+) 27... Nxd3 28. Kxd3 c5 29. Rxh6 c4+ 30. Kd2 Rxh6 31. Qxh6 Qxh6
32. Rxh6 Ke7 33. Ng5 Rc6 34. Rh7+ Kf6 35. Nf3 a4 36. Ra7 Rc8 37. a3 Bc6 38. Ne5
Be8 39. Kc3 Rb8 40. Rh7 Rc8 41. Rh6+ Ke7 42. Rh7+ Kd6 43. Rh8 Kc7 44. Rh6 Kd6
45. Rh8 Kc7 46. g4 fxg4 47. Nxg4 Kb6 48. Nf6 b4+ 49. axb4 a3 50. bxa3 Ra8 51.
Rxe8 Rxa3+ 52. Kc2 Ra2+ 53. Kc3 Ra3+ 54. Kc2 Ra2+ 55. Kc1 Kb5 56. Re7 c3 57.
Rxe6 Kxb4 58. Nxd5+ Kc4 59. Nxc3 Kxc3 60. Rc6+ Kb4 61. Rc2 Ra1+ 62. Kb2 1-0